|
|
|
|
| LEADER |
01368nam a2200349Ia 4500 |
| 001 |
EBC289885 |
| 003 |
MiAaPQ |
| 005 |
20200520144314.0 |
| 006 |
m o d | |
| 007 |
cr cn||||||||| |
| 008 |
011019s2004 enk s 000 0 eng d |
| 020 |
|
|
|z 0861769937
|
| 035 |
|
|
|a (MiAaPQ)EBC289885
|
| 035 |
|
|
|a (Au-PeEL)EBL289885
|
| 035 |
|
|
|a (CaPaEBR)ebr10067128
|
| 035 |
|
|
|a (CaONFJC)MIL51517
|
| 035 |
|
|
|a (OCoLC)70743361
|
| 040 |
|
|
|a MiAaPQ
|c MiAaPQ
|d MiAaPQ
|
| 050 |
|
4 |
|a HF5429
|b .E87 2004
|
| 245 |
0 |
4 |
|a The european clothing industry
|h [electronic resource] :
|b meeting the competitive challenge /
|c Guest editors, Ian M. Taplin and Jonathan Winterton.
|
| 260 |
|
|
|a Bradford, England :
|b Emerald Group Publishing,
|c c2004.
|
| 300 |
|
|
|a 102 p.
|
| 490 |
1 |
|
|a Journal of Fashion Marketing and Management. No. 3 ;
|v Vol. 8
|
| 533 |
|
|
|a Electronic reproduction. Ann Arbor, MI : ProQuest, 2015. Available via World Wide Web. Access may be limited to ProQuest affiliated libraries.
|
| 650 |
|
0 |
|a Retail trade.
|
| 650 |
|
0 |
|a Manufacturing industries.
|
| 655 |
|
4 |
|a Electronic books.
|
| 700 |
1 |
|
|a Taplin, Ian M.
|
| 700 |
1 |
|
|a Winterton, Jonathan,
|d 1951-
|
| 710 |
2 |
|
|a ProQuest (Firm)
|
| 830 |
|
0 |
|a Journal of Fashion Marketing and Management.
|n No. 3 ;
|v v. 8.
|
| 856 |
4 |
0 |
|u https://ebookcentral.proquest.com/lib/matrademy/detail.action?docID=289885
|z Click to View
|